Human organ systems - Statistics

General Stats
  • This quiz has been taken 72 times
    65 since last reset
  • The average score is 8 of 12
Answer Stats
Answer % Correct
Digestive
93%
Circulatory
90%
Nervous
85%
Respiratory
78%
Endocrine
70%
Reproductive
70%
Skeletal
68%
Muscular
63%
Lymphatic
50%
Immune
45%
Excretory
38%
Integumentary
35%
No matching quizzes found
Score Distribution
Percent of People with Each Score
Percentile by Number Answered
Your Score History
You have not taken this quiz since the last reset